00686nam a2200181Ia 4500001001000000003000500010008004100015010001100056040000900067100003800076245011700114260003400231300001000265502010600275650003700381650003600418710005000454Para_8811CHAP220125s2003 xx 000 0 und d a207574 cCHAP aVallejo Pérez, Moisés Roberto aEnfermedades del pimiento morrón (Capsicum annuum L.), en postcosecha /c por Moisés Roberto Vallejo Pérez aChapingo, Méx. :b el autor a69 h. aTesis (Ing. Agr. Esp. en Parasitología Agrícola) -- UACh. Departamento Parasitología Agrícola aChile (botánica) x variedades aChile pimiento x enfermedades  aUACh. Departamento Parasitología Agrícola